000 00389nam a22001337a 4500
008 230602b xxu||||| |||| 00| 0 eng d
020 _a9966805559
082 _a261.70967622
_bKAI
100 _cJohn A. Kaiser
245 _aFather John Anthony Kaiser
_bIf i die
260 _aNairobi, kenya
_bCana Publishing, a division of Bookprint creative services ltd
300 _a117p
942 _2ddc
_cBK
999 _c132
_d132